000 00821nam a2200217 i 4500
001 117959
003 ES-MaACL
005 20250902221429.0
007 t|
008 070214s1980 sp r ||||1| spa d
100 1 _aPereswiet-Soltan, Stanislaw.
_990532
245 1 0 _aEstructura tradicional y prefabricada en hormigón /
_cStanislaw Pereswiet-Soltan ; con la colaboración de Giulio Luigi Fausti [et. al.] ; versión de Julián Salas.
260 _aMadrid :
_bH. Blume,
_c1980.
300 _aXI, 280 p. :
_bil. ;
_c29 cm.
650 7 _aEstructuras de hormigón armado
_2embne
_9164177
650 7 _aEstructuras de hormigón prefabricado
_2embne
_9164175
700 1 _aFausti, Giulio Luigi.
_948981
700 1 _aSalas, Julián.
_9101737
852 _aES-MaACL
_jL-861
_bR.101870
999 _c117959
_d117959